Angielskie słowa na literę A - Statystyki

Ogólne statystyki
  • Ten quiz został rozwiązany 46 razy
  • Średni wynik to 8 z 81
Statystyki odpowiedzi
Odpowiedź % Poprawnych
apple
68%
at
44%
all
41%
ant
41%
arm
39%
and
37%
art
32%
act
27%
answer
24%
action
17%
adventure
17%
air
17%
allow
17%
add
15%
age
15%
arrive
15%
ability
12%
account
12%
alone
12%
area
12%
aunt
12%
about
10%
address
10%
ago
10%
agree
10%
airplane
10%
alien
10%
alive
10%
almost
10%
amazing
10%
angry
10%
apologize
10%
appear
10%
attach
10%
avoid
10%
achieve
7%
afraid
7%
always
7%
argue
7%
above
5%
abroad
5%
ache
5%
activity
5%
adjective
5%
advantage
5%
affect
5%
again
5%
among
5%
amount
5%
angel
5%
anyone
5%
anyway
5%
approve
5%
april
5%
ask
5%
average
5%
awake
5%
award
5%
away
5%
accept
2%
accident
2%
actually
2%
adverb
2%
advise
2%
after
2%
aim
2%
also
2%
animal
2%
another
2%
anything
2%
apart
2%
appointment
2%
assume
2%
attend
2%
attention
2%
academy
0%
afternoon
0%
already
0%
autumn
0%
awful
0%
awkward
0%
Nie znaleziono quizów pasujących do podanych kryteriów
Rozkład punktacji
Procent ludzi z każdym wynikiem
Percentyl według liczby udzielonych odpowiedzi
Twoja historia wyników
Nie rozwiązałeś tego quizu